Zdroje konkurenčnej výhody firmy v medzinárodnom podnikaní v 21. storočí diplomová práca

Enregistré dans:
Détails bibliographiques
Auteur principal: Mikuláš, Ľubomír
Collectivité auteur: Obchodná fakulta EU. Katedra medzinárodného obchodu
Autres auteurs: Škorvagová, Simona
Format: Livre
Langue:slovaque
Publié: Bratislava 2020
Tags: Ajouter un tag
Pas de tags, Soyez le premier à ajouter un tag!

MARC

LEADER 00000nbm a2200000 4500
001 0266357
005 20201008083537.1
041 0 |a slo 
044 |a SK 
245 1 0 |a Zdroje konkurenčnej výhody firmy v medzinárodnom podnikaní v 21. storočí  |b diplomová práca  |c Ľubomír Mikuláš ; školiteľ: Simona Škorvagová 
264 1 |a Bratislava  |c 2020 
300 |a 74 s. 
100 1 |a Mikuláš, Ľubomír 
700 1 |a Škorvagová, Simona 
710 2 |a Obchodná fakulta EU. Katedra medzinárodného obchodu